| 000 | 00705nam a22002294a 4500 | ||
|---|---|---|---|
| 001 | BIBLIOTECA MUNICIPAL DE BARRANCO | ||
| 007 | ta | ||
| 008 | t pe gr 00| 0 spa d | ||
| 020 | _a84-03-60276-6 | ||
| 040 | _aBIBLIOTECA MUNICIPAL DE BARRANCO | ||
| 041 | _aspa | ||
| 043 | _cpe | ||
| 082 |
_2869.9533 _bD16 1995. |
||
| 100 | _aDarío, Rubén, 1867-1916. | ||
| 245 |
_aEl hombre de oro y otros relatos / _cRubén Darío. |
||
| 260 |
_aMadrid : _bAguilar, _c1995. |
||
| 300 |
_a79 p. ; _c 20 cm. |
||
| 490 | _aRelato corto Aguilar ; 20 | ||
| 504 | _aIncluye referencias bibliográficas. | ||
| 650 | 0 |
_96658 _aCuentos nicaragüenses-Siglo XIX. |
|
| 942 |
_cBK _e2025-02-22 _zAAOH |
||
| 999 |
_c10707 _d10707 |
||